00570nam a22001697a 450000500170000001000150001702000260003203500130005803700130007108200150008410000240009924500550012326000430017827001030022130000260032450000500035020140314143844.0 aENG-109458 c595.00a9789350351499 aEN-92991 bDBAD/PUB a346.540135 aNuzhat Parveen Khan00aChild rights and the law /cby Nuzhat Parveen Khan aDelhibUniversal Law Publishing c2012 aC-FF-1A, Dilkhush Industrial Estate, (Near Azadpur Metro Station) G.T. Karnal Road,bDelhie110033 axxix,546p.c23cm(pbk) aIncludes bibliographical references and index